| 000 | 00610cam a22002053a 4500 | ||
|---|---|---|---|
| 001 | 43471 | ||
| 003 | PGUSA | ||
| 005 | 20140828084005.0 | ||
| 008 | 130815s2013||||xxu|||||s|||||000 | eng d | ||
| 040 |
_aPGUSA _beng |
||
| 042 | _adc | ||
| 100 | 1 |
_aMiller, Alex. McVeigh, _cMrs, _d1850-1937 |
|
| 245 | 1 | 0 |
_aThey Looked and Loved; Or, Won by Faith _h[electronic resource] / _cAlex. McVeigh, Miller |
| 260 |
_bProject Gutenberg, _c2013 |
||
| 506 | _aPublic domain in the USA. | ||
| 516 | _aElectronic text | ||
| 830 | 0 |
_aProject Gutenberg _v43471 |
|
| 856 | 4 | 0 | _uhttp://www.gutenberg.org/ebooks/43471 |
| 942 | _cEB | ||
| 999 |
_c272722 _d272722 |
||